000 00609nam a2200169 a 4500
001 000045196
005 20240229073828.0
008 150209s2000 dr 000 0 spa d
040 _aDO-SdBNP
_bspa
_cBNPHU
082 _axxxx
_bxxxx
100 1 _aAmaro Guzmán, Raymundo
_9656
245 1 0 _aAdministración de personal /
_cRaymundo Amaro Guzmán ; prólogo Luis Scheker Ortiz ; presentación Juan Tomás Mejía Feliú.
260 _aSanto Domingo :
_bTiempo,
_c2000.
300 _a351 p. :
_bil. ;
_c21 cm.
700 1 2 _aScheker Ortiz, Luis,
_epról.
_99515
700 1 2 _aMejía Feliú, Luis Scheker,
_epres.
_922555
999 _c44685
_d44685